Çocuk hakları ve siyaset / (Record no. 14889)

MARC details
000 -BAŞLIK
Sabit Uzunlukta Kontrol Alanı 00657nam a22002177a 4500
999 ## - SİSTEM KONTROL NUMARALARI (KOHA)
Koha Biblionumber 14889
Koha Biblioitemnumber 14889
003 - KONTROL NUMARASI IDENTIFIER
Denetim Alanı MIRAKIL
005 - SON İŞLEM TARİHİ VE ZAMANI
Denetim Alanı 20220422165510.0
008 - SABİT-BOY VERİ ELEMANLARI - GENEL BİLGİLER
Sabit Uzunlukta Kontrol Alanı 220422b tu ||||| |||| 00| 0 tur d
020 ## - ULUSLARARASI STANDART KİTAP NUMARASI
Uluslararası Standart Kitap Numarası 9789752498334
040 ## - KATALOGLAMA KAYNAK
Orijinal Kataloglama Ajansı TR-AnCHP
Metne Dönüştürmek Ajansı TR-AnCHP
041 ## - DİL KODU
Metin / Ses Parça Veya Ayrı Başlığın Dil Kodu tur
082 ## - DEWEY ONLU SINIFLANDIRMA NUMARASI
Sınıflandırma Numarası 305.231
Ürün Numarası İ52ç 2018
100 ## - ANA GİRİŞ - KİŞİSEL İSİM
Kişisel Ad İnal, Kemal
245 10 - BAŞLIK TABLOSU
Başlık Çocuk hakları ve siyaset /
Sorumluluk Tablosu, Vb Kemal İnal.
260 ## - YAYIN, DAĞITIM, VB
Yayın, Dağıtım, Vb Yeri İstanbul :
Yayıncı, Dağıtıcı, Vs Adı Yeni İnsan Yayınevi,
Yayın, Dağıtım, Vb Tarihi 2018.
300 ## - FİZİKSEL TANIM
Kapsam 606 s.:
Boyutlar 21 sm.
490 0# - SERİSİ TABLOSU
Seri Beyanı Yeni İnsan Yayınevi ;
-- Eğitim serisi ;
Hacim / Ardışık Tanımı 170.
-- 39.
504 ## - KAYNAKÇA VB NOT
Kaynakça Vb Notu Kaynakça bölüm sonlarındadır.
650 #0 - KONU KATMA GİRİŞ - TOPİKAL DÖNEM
9 (RLIN) 7058
Topikal Süreli Veya Coğrafi Ad Giriş Elemanı Çocuk Hakları
Genel Alt Bölümü Türkiye
942 ## - EKLENDİ GİRİŞ ELEMANLARI (KOHA)
Sınıflandırma Veya Raf Düzeni Kaynak Dewey Decimal Classification
Koha Öğesi Türü Books
Holdings
Kalıcı Konum Mevcut Konum Edinme Tarihi Toplam Check-Out'Lar Tam Çağrı Numarası Barkod Tarih Son Görülme İtibaren Geçerli Fiyatlar Koha Öğesi Türü
CHP Kütüphanesi CHP Kütüphanesi 04/22/2022   305.231 İ52ç 2018 020405 04/22/2022 04/22/2022 Books
Parti Okulu Kütüphanesi Parti Okulu Kütüphanesi 03/01/2024   305.231 İ52ç 2018 21409 03/01/2024 03/01/2024 Books